00573nam a22001697a 450000500170000001000150001702000260003203500130005803700130007108200160008410000230010024500920012326000480021527000630026330000270032650000500035320181212124415.0 aENG-115845 a9781107117860c995.00 aEN-99377 bDBAD/PUB a305.4209591 aSengupta,Nilanjana aThe female voice of myanmar :bkhin myo chit to aung san suu Kyi /cSengupta Nilanjana aNew DelhibCambridge University Pressc2015 a4843/24 2nd Floor Ansari Road,DaryaganjbNew Delhie110002 a383p. :c23cm(Hb)bill aIncludes bibliographical reference and index